Central Library OPAC University of Rajshahi

রাজশাহী জেলার প্রত্নপীট ও স্থাপত্যিক ঐতিহ্য / (Record no. 83342)

MARC details
000 -LEADER
fixed length control field 01011nam a2200229 a 4500
001 - CONTROL NUMBER
control field 83342
003 - CONTROL NUMBER IDENTIFIER
rucl marc code BD-RjUL
005 - DATE AND TIME OF LATEST TRANSACTION
control field 20240313121249.0
008 - FIXED-LENGTH DATA ELEMENTS--GENERAL INFORMATION
fixed length control field 240313s2024 bg ||||| |||| 00| 0 ben d
020 ## - INTERNATIONAL STANDARD BOOK NUMBER
International Standard Book Number 97830000007130
035 ## - SYSTEM CONTROL NUMBER
System control number (BD-RjUL)83342
040 ## - CATALOGING SOURCE
Original cataloging agency BD-RjUL
Language of cataloging eng
Transcribing agency BD-RjUL
041 ## - LANGUAGE CODE
Language code of text/sound track or separate title ben
082 ## - DEWEY DECIMAL CLASSIFICATION NUMBER
Edition number 23
Classification number 930.10954924
Author mark and year RAR 2024
100 ## - MAIN ENTRY--PERSONAL NAME
Personal name রহমান, কাজী মোঃ মোস্তাফিজুর
9 (RLIN) 12284
245 ## - TITLE STATEMENT
Title রাজশাহী জেলার প্রত্নপীট ও স্থাপত্যিক ঐতিহ্য /
Statement of responsibility, etc. কাজী মোঃ মোস্তাফিজুর রহমান
260 ## - PUBLICATION, DISTRIBUTION, ETC. (IMPRINT)
Place of publication, distribution, etc. ঢাকা :
Name of publisher, distributor, etc. গ্রন্থ কুটির,
Date of publication, distribution, etc. ২০২৪
300 ## - PHYSICAL DESCRIPTION
Pagination ৩১২ পৃ.:
Illustrations চিত্রসমূহ;
Size ২৩ সেমি.
650 ## - SUBJECT ADDED ENTRY--TOPICAL TERM
Topical term or geographic name as entry element প্রত্নতত্ত্ব এবং ইতিহাস
Geographic subdivision রাজশাহী
9 (RLIN) 12285
Topical term or geographic name as entry element Archaeology and history
Geographic subdivision Rajshahi
9 (RLIN) 12286
942 ## - ADDED ENTRY ELEMENTS (KOHA)
Source of classification or shelving scheme Dewey Decimal Classification
Koha item type Books
Holdings
Lost status Source of classification or shelving scheme Damaged status Not for loan Collection code Permanent Location Current Location Shelving location Date acquired Source of acquisition Cost, normal purchase price Total Checkouts Full call number Date last seen Copy number Koha item type Checked out Date checked out
  Dewey Decimal Classification   Not For Loan Non-fiction Central Library, University of Rajshahi Central Library, University of Rajshahi Reading Room 12/03/2024 Author 560.00   B 930.10954924 RAR 2024 13/03/2024 C-1 Books    
  Dewey Decimal Classification     Non-fiction Central Library, University of Rajshahi Central Library, University of Rajshahi General Stacks 12/03/2024 Author 560.00 3 B 930.10954924 RAR 2024 15/04/2026 C-2 Books 30/04/2026 15/04/2026
  Dewey Decimal Classification     Non-fiction Central Library, University of Rajshahi Central Library, University of Rajshahi General Stacks 12/03/2024 Author 560.00   B 930.10954924 RAR 2024 13/03/2024 C-3 Books    
  Dewey Decimal Classification     Non-fiction Central Library, University of Rajshahi Central Library, University of Rajshahi General Stacks 12/03/2024 Author 560.00   B 930.10954924 RAR 2024 13/03/2024 C-4 Books    
  Dewey Decimal Classification     Non-fiction Central Library, University of Rajshahi Central Library, University of Rajshahi General Stacks 12/03/2024 Author 560.00 1 B 930.10954924 RAR 2024 24/09/2024 C-5 Books   11/09/2024